| 000 | 01224cam a2200349 a 4500 | ||
|---|---|---|---|
| 001 | 3470016 | ||
| 003 | OSt | ||
| 005 | 20140310184444.0 | ||
| 008 | 930820s1994 nyua j 000 1 eng | ||
| 010 | _a 93032316 | ||
| 020 | _a0590224999 | ||
| 040 |
_aDLC _cDLC _dDLC |
||
| 042 | _alcac | ||
| 050 | 0 | 0 |
_aPZ 7 _b.B1688Wh 1995 |
| 100 | 1 |
_aBaker, Alan, _d1951- _927670 |
|
| 245 | 1 | 0 |
_aWhite Rabbit's color book / _cAlan Baker. |
| 250 | _a1st American ed. | ||
| 260 |
_aNew York : _bKingfisher Books, _c1995. |
||
| 300 |
_bcol. ill. ; _c20 cm. |
||
| 490 | 1 |
_aLittle rabbit books ; _v[4] |
|
| 521 | _aG1 | ||
| 526 | _c190 | ||
| 650 | 1 |
_aColor _xFiction. _927671 |
|
| 650 | 1 |
_aRabbits _xFiction. _927672 |
|
| 800 | 1 |
_aBaker, Alan, _d1951- _tLittle rabbit books ; _v[4]. _927673 |
|
| 856 | 4 | 2 |
_3Publisher description _uhttp://www.loc.gov/catdir/enhancements/fy0607/93032316-d.html |
| 856 | 4 | 2 |
_3Contributor biographical information _uhttp://www.loc.gov/catdir/enhancements/fy0736/93032316-b.html |
| 906 |
_a7 _bcbc _corignew _d1 _eocip _f19 _gy-gencatlg |
||
| 942 |
_2lcc _cBK-SCHOLAS |
||
| 999 |
_c34494 _d34494 |
||